| 000 | 01883nam0a2200361 4500 | ||
|---|---|---|---|
| 001 | RU\NLR\BIBL_A\016337321 | ||
| 005 | 20260405072954.0 | ||
| 010 |
_a978-5-9704-6438-0 _91000 |
||
| 021 |
_aRU _b2023-12183 _9КН-П-1200 |
||
| 035 | _a(RuMoRGB)011613505 | ||
| 035 | _a(NLR Aleph) 016337321 | ||
| 090 |
_a13080377 _c13080377 |
||
| 100 | _a20230407d2023 |||y0rusy50 ca | ||
| 101 | 0 | _arus | |
| 102 | _aRU | ||
| 105 | _aa|||j|||001zy | ||
| 181 | 0 |
_ai _baxxe |
|
| 182 | 0 | _an | |
| 200 | 1 |
_aАнатомия человека для педиатров _eучебник для студентов высших учебных заведений, обучающихся по специальностям 31.05.02 "Педиатрия" _fД. Б. Никитюк, С. В. Клочкова _gпод редакцией академика РАН Д. Б. Никитюка |
|
| 203 |
_aТекст _bвизуальный _cнепосредственный |
||
| 210 |
_aМосква _cГЭОТАР-Медиа _d2023 |
||
| 215 |
_a892 с. _cил., цв. ил., табл. _d25 |
||
| 300 | _aНа обороте тит. с. авт.: Никитюк Д. Б., Клочкова С. В. - д-ра мед. наук, профессора | ||
| 320 | _aПредм. указ. на русском языке: с. 805-868 | ||
| 320 | _aПредм. указ. на латинском языке: с. 869-892 | ||
| 606 | 1 |
_aДети _jУчебники для высших учебных заведений _xАнатомия _9966483 _3RU\NLR\AUTH\6642928 |
|
| 686 | 1 | _aР731я73-1 | |
| 700 | 1 |
_8rus _7ca _aНикитюк _bД. Б. _f1962- _gДмитрий Борисович _3RU\NLR\AUTH\7719935 _93004 |
|
| 701 | 1 |
_7ca _8rus _aКлочкова _bС. В. _gСветлана Валерьевна _9183112 _3RU\NLR\AUTH\770183163 |
|
| 942 | _cBOOK | ||
| 980 | _aNB | ||